LEADER 01102nam1M2200373--I450- 001 990000577130203316 005 20010713000000.0 035 $a0057713 035 $aUSA010057713 035 $a(ALEPH)000057713USA01 035 $a0057713 100 $aJul 19, d2001 |||||itac01 ba 101 $aita 102 $aIT 200 1 $aEsercizi sul codice civile$fNicola Palermo 210 $aTorino$cG. Giappichelli$dcopyr. 2001 215 $av.$d24 cm 606 0 $aDonazione$xEsercizi 676 $a346.450436 700 1$aPALERMO,$bNicola$0546798 801 0$aIT$bICCU$c20010717 912 $a990000577130203316 951 $aIG I 1758$bG.$cIG I 959 $aBK 969 $aGIU 979 $aALESSANDRA$b40$c20010723$lUSA01$h0955 979 $aALESSANDRA$b40$c20010723$lUSA01$h0956 979 $aALESSANDRA$b40$c20010723$lUSA01$h1000 979 $aALESSANDRA$b40$c20010723$lUSA01$h1000 979 $aALESSANDRA$b40$c20010723$lUSA01$h1000 979 $c20020403$lUSA01$h1707 979 $aPATRY$b90$c20040406$lUSA01$h1640 996 $aEsercizi sul codice civile$9883404 997 $aUNISA LEADER 03210 am 22004813u 450 001 9910153746403321 005 20230617015450.0 010 $a9789522228147$b(PDF ebook) 010 $a9789522228154$b(EPUB) 010 $z9789517466653$b(Print) 035 $a(CKB)3880000000044303 035 $a(OCoLC)1030816751 035 $a(EXLCZ)993880000000044303 100 $a20170206h20052005 uy 0 101 0 $aeng 135 $aurmn#nnn||||| 181 $ctxt$2rdacontent 182 $cc$2rdamedia 183 $acr$2rdacarrier 200 10$aTradition through modernity $epostmodernism and the nation-state in folklore scholarship /$fPertti J. Anttonen 210 1$aHelsinki :$cFinnish Literature Society / SKS,$d[2005] 210 4$dİ2005 215 $a1 online resource (215 pages) 225 0 $aOpen Access e-Books 225 0 $aKnowledge Unlatched 225 1 $aStudia Fennica Folkloristica ;$v15 300 $a"A digital edition of a printed book first published in 2005 by the Finnish Literature Society"--Copyright page. 311 08$aPrint version: 9789517466653 320 $aIncludes bibliographical references and indexes. 330 $a"In their study of social practices deemed traditional, scholars tend to use the concept and idea of tradition as an element of meaning in the practices under investigation. But just whose meaning is it? Is it a meaning generated by those who study tradition or those whose traditions are being studied? In both cases, particular criteria for traditionality are employed, whether these are explicated or not. Individuals and groups will no doubt continue to uphold their traditional practices or refer to their practices as traditional. While they are in no way obliged to explicate in analytical terms their criteria for traditionality, the same cannot be said for those who make the study of traditions their profession. In scholarly analysis, traditions need to be explained instead of used as explanations for apparent repetitions and replications or symbolic linking in social practice, values, history, and heritage politics. This book takes a closer look at 'tradition' and 'folklore' in order to conceptualize them within discourses on modernity and modernism. The first section discusses 'modern' and 'traditional' as modern concepts and the study of folklore as a modern trajectory. The underlying tenet here is that non-modernity cannot be represented without modern mediation, which therefore makes the representations of non-modernity epistemologically modern. The second section focuses on the nation-state of Finland and the nationalistic use of folk traditions in the discursive production of Finnish modernity and its Others. The insights are applicable worldwide in discussions on cultural representation." 410 0$aStudia Fennica.$pFolkloristica ;$v15. 606 $aFolklore$zScandinavia 606 $aScandinavians$vFolklore 615 0$aFolklore 615 0$aScandinavians 676 $a398 700 $aAnttonen$b Pertti$0930341 801 0$bAuAdUSA 801 1$bAuAdUSA 801 2$bUkMaJRU 912 $a9910153746403321 996 $aTradition through modernity$92256049 997 $aUNINA LEADER 01990oam 2200553 a 450 001 9910701412203321 005 20120629123401.0 035 $a(CKB)5470000002418960 035 $a(OCoLC)779359616 035 $a(EXLCZ)995470000002418960 100 $a20120306d1986 ua 0 101 0 $aeng 135 $aurbn||||||||| 181 $ctxt$2rdacontent 182 $cc$2rdamedia 183 $acr$2rdacarrier 200 00$aHydrographic data from R/V Endeavor cruise #90$b[electronic resource] /$fby M. C. Stalcup ... [and others] 210 1$aWoods Hole, Mass. ;$aWoods Hole Oceanographic Institution ; [Washington, D.C. ;]$a[National Aeronautics and Space Administration,$c[publisher not identified],$d[1986] 215 $a1 online resource (79 pages) $cillustrations, maps 225 1 $aNASA-CR ;$v177234 225 1 $aWHOI ;$v86-15 300 $aTitle from title screen (viewed on March 1, 2012). 300 $a"March 1986." 320 $aIncludes bibliographical references (page 10). 517 3 $aHydrographic data from Research Vessel Endeavor cruise no. 90 517 3 $aR/V Endeavor cruise # 90 606 $aAir water interactions$2nasat 606 $aGulf Stream$2nasat 606 $aOcean currents$2nasat 606 $aPressure gradients$2nasat 606 $aSea surface temperature$2nasat 606 $aTemperature gradients$2nasat 615 7$aAir water interactions. 615 7$aGulf Stream. 615 7$aOcean currents. 615 7$aPressure gradients. 615 7$aSea surface temperature. 615 7$aTemperature gradients. 701 $aStalcup$b Marvel C$01398929 712 02$aNational Science Foundation (U.S.) 712 02$aWoods Hole Oceanographic Institution. 712 02$aUnited States.$bNational Aeronautics and Space Administration. 801 0$bGPO 801 1$bGPO 801 2$bGPO 906 $aBOOK 912 $a9910701412203321 996 $aHydrographic data from R$93463259 997 $aUNINA